| Tag |
First Indicator |
Second Indicator |
Subfields |
| LEADER |
00000cam a22000001a 4500 |
| 001 |
in00003264792 |
| 005 |
20190404194815.0 |
| 006 |
m d f |
| 007 |
cr bn mmmapmmp |
| 008 |
090922s2002 dcu o f000 0 eng d |
| 035 |
|
|
|a cis2007474693
|
| 040 |
|
|
|a UMI
|c UMI
|d UtOrBLW
|
| 043 |
|
|
|a n-us---
|
| 074 |
|
|
|a 1046-A-01
|
| 074 |
|
|
|a 1046-A-01 (online)
|
| 074 |
|
|
|a 1046-A-02 (MF)
|
| 074 |
|
|
|a 1046-A-02 (online)
|
| 086 |
0 |
|
|a Y 4.V 64/4:S.hrg.107-392
|
| 099 |
|
|
|a HRG-2001-VAS-0001
|
| 110 |
1 |
|
|a United States.
|b Congress.
|b Senate.
|b Committee on Veterans' Affairs.
|
| 245 |
1 |
0 |
|a Nomination of Anthony J. Principi to be Secretary of the Department of Veterans Affairs :
|b hearing before the Committee on Veterans' Affairs, United States Senate, One Hundred Seventh Congress, first session, January 18, 2001.
|
| 264 |
|
1 |
|a Washington :
|b U.S. G.P.O. :
|c 2002.
|
| 264 |
|
2 |
|a Washington :
|b For sale by the Supt. of Docs., U.S. G.P.O., [Congressional Sales Office],
|
| 300 |
|
|
|a 1 online resource.
|
| 336 |
|
|
|a text
|b txt
|2 rdacontent
|
| 337 |
|
|
|a computer
|b c
|2 rdamedia
|
| 338 |
|
|
|a online resource
|b cr
|2 rdacarrier
|
| 490 |
1 |
|
|a S. hrg. ;
|v 107-392
|
| 500 |
|
|
|a Record is based on bibliographic data in ProQuest Congressional Hearings Digital Collection. Reuse except for individual research requires license from ProQuest, LLC.
|
| 530 |
|
|
|a Also available via Internet from the GPO Access web site. Addresses as of 5/31/02: http://frwebgate.access.gpo.gov/cgi -bin/getdoc.cgi?dbname=107 senate hearings&docid=f:78706.wais (text version), http://frwebgate.access.gpo.gov/cgi-bin/getdoc.cgi?dbname=107 senate hearings&docid=f:78706.pdf (PDF version); current access is available via PURLS.
|
| 538 |
|
|
|a System requirements: PDF reader software.
|
| 500 |
|
|
|a Electronic resource.
|
| 600 |
1 |
0 |
|a Principi, Anthony Joseph,
|d 1944-
|
| 610 |
1 |
0 |
|a United States.
|b Department of Veterans Affairs
|x Officials and employees
|x Selection and appointment.
|
| 655 |
|
7 |
|a Electronic books.
|2 local
|
| 710 |
2 |
|
|a ProQuest (Firm)
|
| 776 |
0 |
8 |
|i Print version:
|a United States. Congress. Senate. Committee on Veterans' Affairs.
|t Nomination of Anthony J. Principi to be Secretary of the Department of Veterans Affairs
|w (DGPO)99096547
|
| 776 |
0 |
8 |
|i Microfiche version:
|a United States. Congress. Senate. Committee on Veterans' Affairs.
|t Nomination of Anthony J. Principi to be Secretary of the Department of Veterans Affairs.
|d [Bethesda, Md.] : ProQuest,[2004]
|o CIS 2002 S761-1
|w (ProQuest)cis00202549
|
| 810 |
1 |
|
|a United States.
|b Congress.
|b Senate.
|t S. hrg. ;
|v 107 -392.
|
| 830 |
|
0 |
|a U.S. Congressional Hearings.
|
| 856 |
4 |
0 |
|u http://proxy.library.tamu.edu/login?url=http://congressional.proquest.com/congcomp/getdoc?HEARING-ID=HRG-2001-VAS-0001
|z Connect to the full text of this electronic book
|t 0
|
| 998 |
|
|
|a cis00202549
|
| 999 |
|
|
|a MARS
|
| 999 |
f |
f |
|s ac702c9f-a68f-3bdf-91ec-3c02539a0710
|i f30fca08-f387-3fe8-bca2-79d99449299b
|t 0
|
| 952 |
f |
f |
|a Texas A&M University
|b College Station
|c Electronic Resources
|d Available Online
|t 0
|e HRG-2001-VAS-0001
|h Other scheme
|
| 998 |
f |
f |
|a HRG-2001-VAS-0001
|t 0
|l Available Online
|